Public art in Africa : (Record no. 1249)

MARC details
000 -LEADER
campo de control de longitud fija 02400nam a22003497a 4500
008 - DATOS DE LONGITUD FIJA--INFORMACIÓN GENERAL
campo de control de longitud fija 170812s2017 sz||||| |||| 00| 0 fre d
020 ## - NÚMERO INTERNACIONAL ESTÁNDAR DEL LIBRO
Número Internacional Estándar del Libro 9782940563166
082 04 - NÚMERO DE LA CLASIFICACIÓN DECIMAL DEWEY
Número de clasificación 701.03
Número de ítem P418p
100 1# - ENTRADA PRINCIPAL--NOMBRE DE PERSONA
Nombre de persona Pensa, Iolanda.
9 (RLIN) 5905
245 10 - MENCIÓN DEL TÍTULO
Título Public art in Africa :
Resto del título art and urban transformations in Douala /
Mención de responsabilidad, etc. Iolanda Pensa, Marta Pucciarelli, Fiona Siegenthaler, Marilyn Douala Bell, Kamiel Verschuren, Xandra Nibbeling, Lucas Grandin, Asta Adukaite y Maud de la Chapelle.
246 21 - FORMA VARIANTE DEL TITULO
Título propio/Titulo breve Public art in Africa :
Resto del título art et transformations urbanes à Douala.
250 ## - MENCION DE EDICION
Mención de edición 1a edición.
260 ## - PUBLICACIÓN, DISTRIBUCIÓN, ETC.
Lugar de publicación, distribución, etc. Ginebra, Suiza :
Nombre del editor, distribuidor, etc. MetisPresses,
Fecha de publicación, distribución, etc. 2017.
300 ## - DESCRIPCIÓN FÍSICA
Extensión 236 páginas :
Otras características físicas ilustraciones en color.
505 0# - NOTA DE CONTENIDO CON FORMATO
Título Foreword
Mención de responsabilidad Marilyn Douala Bell.
Título Foreword/SUD2017 "A place for the human dimension?"
Mención de responsabilidad Cécile Bourne-Farrell.
Título Introduction / The oeuvre in progress: the SUD
Mención de responsabilidad Iolanda Pensa.
Título Duoal'art 1991-2017.
-- The poestic of the infra-ordinary, the aesthetic of recognition in contemporary African art
Mención de responsabilidad Elvira Dyangani Ose.
Título Salon Urbain de Douala (SUD)
Mención de responsabilidad Simon Njami.
Título Doual'art, pioneers of the encounter between art and street
Mención de responsabilidad Mamadou Jean-Charles Tall.
Título Doual'art, what`s next?
Mención de responsabilidad Berend van der Lans.
Título Doual'art, an agent for public art in Cameroon and in Africa
Mención de responsabilidad Michel Moukouri Edeme.
Título Eke out art
Mención de responsabilidad Christian Hanussek.
Título Doual'art: the importance of beaujolais and equity in intercultural relations and cooperation /
Mención de responsabilidad Yves-Jaques Cabasso.
Título When the imagined city overwhelms the art
Mención de responsabilidad Elsa Burzynski.
Título The color of men
Mención de responsabilidad Koko Komégné.
Título Humanising the city
Mención de responsabilidad Hervé Yamguen.
Título The palaver tree
Mención de responsabilidad Frédéric Keiff.
Título The arches of time, urban signage of the historical sites of the city of Douala
Mención de responsabilidad Sandrine Dole.
Título Doual'art - Artistic intervention, a vision and a passion for a better world
Mención de responsabilidad Peter Anders.
653 10 - TÉRMINO DE INDIZACIÓN--NO CONTROLADO
Término no controlado Arte contemporáneo
653 10 - TÉRMINO DE INDIZACIÓN--NO CONTROLADO
Término no controlado Arte público
653 10 - TÉRMINO DE INDIZACIÓN--NO CONTROLADO
Término no controlado Arte - África
653 10 - TÉRMINO DE INDIZACIÓN--NO CONTROLADO
Término no controlado Catálogo de obras
653 10 - TÉRMINO DE INDIZACIÓN--NO CONTROLADO
Término no controlado Arte urbano
653 10 - TÉRMINO DE INDIZACIÓN--NO CONTROLADO
Término no controlado Arte y sociedad
653 10 - TÉRMINO DE INDIZACIÓN--NO CONTROLADO
Término no controlado Programas culturales comunitarios
653 10 - TÉRMINO DE INDIZACIÓN--NO CONTROLADO
Término no controlado Urbanismo
653 10 - TÉRMINO DE INDIZACIÓN--NO CONTROLADO
Término no controlado Organizaciones artísticas independientes
700 1# - ENTRADA AGREGADA--NOMBRE PERSONAL
Nombre de persona Pucciarelli, Marta.
9 (RLIN) 5906
700 1# - ENTRADA AGREGADA--NOMBRE PERSONAL
Nombre de persona Siegenthaler, Fiona.
9 (RLIN) 5907
700 1# - ENTRADA AGREGADA--NOMBRE PERSONAL
Nombre de persona Douala Bell, Marilyn.
9 (RLIN) 5908
700 1# - ENTRADA AGREGADA--NOMBRE PERSONAL
Nombre de persona Verschuren, Kamiel.
9 (RLIN) 5909
700 1# - ENTRADA AGREGADA--NOMBRE PERSONAL
Nombre de persona Grandin, Lucas.
9 (RLIN) 5910
700 1# - ENTRADA AGREGADA--NOMBRE PERSONAL
Nombre de persona Adukaite, Asta.
9 (RLIN) 5911
700 1# - ENTRADA AGREGADA--NOMBRE PERSONAL
Nombre de persona Chapelle, Maud de la.
9 (RLIN) 5912
Holdings
Estatus retirado Estado de pérdida Fuente del sistema de clasificación o colocación Estado de daño No para préstamo Biblioteca de origen Biblioteca actual Ubicación en estantería Fecha de adquisición Total de préstamos Signatura topográfica completa Código de barras Visto por última vez Precio de reemplazo Tipo de ítem Koha
    Clasificación Decimal Dewey     Biblioteca LadoV Biblioteca LadoV   16/08/2017   701.03 P418p 004446 16/08/2017 16/08/2017 Material 01